| 000 | 00787nam a2200253 i 4500 | ||
|---|---|---|---|
| 003 | DO-SdBNP | ||
| 005 | 20230919132329.0 | ||
| 007 | ta | ||
| 008 | 230918b20? dr abc|| |||| 00| 0 spa d | ||
| 020 | _a9789945621488 | ||
| 040 |
_aDO-SdBNP _bspa _cBNPHU _erda |
||
| 082 | 4 |
_222 _bR426m |
|
| 100 | _979618 | ||
| 110 |
_aRepública Dominicana. _bMinisterio de Salud Pública |
||
| 245 | 1 | 0 | _aManual para la vigilancia de tuberculosis en centros penitenciarios |
| 264 |
_aSanto Domingo : _bSalud Pública, _c[sin fecha] |
||
| 300 |
_a42 páginas : _bilustraciones, mapas y retratos ; _c22 cm. |
||
| 336 |
_2rdacontent _atexto _btxt |
||
| 337 |
_2rdamedia _asin mediaciónn _bn |
||
| 338 |
_2rdacarrier _avolumen _bnc |
||
| 590 | _aInventariado, 2023/DG | ||
| 910 | _aDG | ||
| 942 |
_2ddc _cLF2 |
||
| 999 |
_c54825 _d54825 |
||